Los 10 nombres de aviones de pasajeros más utilizados - Estadísticas

Estadísticas generales
  • Esta prueba ha sido intentada 194 veces
  • La puntuación promedio es 4 de 10
Estadísticas de respuestas
Respuesta % Correcto
Boeing 737
88%
Airbus A320
81%
Boeing 777
72%
Boeing 787
66%
Airbus A330
62%
ATR
17%
Embraer E
11%
Bombardier CRJ
3%
Embraer ERJ
3%
Havilland DHC
1%
No se encontraron pruebas coincidentes
Distribución de puntuación
Porcentaje de gente con cada puntuación
Porcentaje por número respondido
Historial de tus puntuaciones
No has intentado esta prueba.